Trenerzy piłki nożnej na literę R - Statystyki

Ogólne statystyki
  • Ten quiz został rozwiązany 16 razy
  • Średni wynik to 5 z 13
Statystyki odpowiedzi
Prowadzone zespoły Odpowiedź % Poprawnych
Fiorentina 1993-1997 Valencia 1997-1999 Chelsea 2000-2004 Juventus 2007-2009 AS Roma 2009-2011 Leicester 2015-2017 Claudio Ranieri
80%
Holandia 1998-2000 FC Barcelona 2003-2008 Frank Rijkaard
73%
Swansea 2010-2012 Liverpool 2012-2015 Celtic Glasgow 2016-2019 2023- Leicester 2019-2023 Brendan Rodgers
67%
Pogoń Szczecin 2017-2022 Legia Warszawa 2022-2024 Udinese 2024- Kosta Runjaic
67%
VfB Stuttgart 1999-2001 Hannover 96 2001-2004 Hoffenheim 2006-2011 Austria 2022- Ralf Rangnick
60%
Ipswich Town 1955-1963 Anglia 1963-1974 Alf Ramsey
27%
Węgry 2018- Marco Rossi
27%
Werder Brema 1981-1995 Kaiserslautern 1996-2000 Grecja 2001-2010 Otto Rehhagel
27%
Ipswich Town 1969-1982 Anglia 1982-1990 PSV Eindhoven 1990-1992 FC Porto 1994-1996 Newcastle 1999-2004 Bobby Robson
20%
Red Bull Salzburg 2017-2019 Borussia Monchengladbach 2019-2021 Borussia Dortmund 2021-2022 RB Lipsk 2022-2025 Marco Rose
20%
Auxerre 1961-2005 Guy Roux
13%
Spartak Moskwa 1989-19951997-2003
Rosja 1994-1996 1998-2002
Oleg Romancew
13%
Maroko 2022- Walid Regragui
7%
Nie znaleziono quizów pasujących do podanych kryteriów
Rozkład punktacji
Procent ludzi z każdym wynikiem
Percentyl według liczby udzielonych odpowiedzi
Twoja historia wyników
Nie rozwiązałeś tego quizu